| 000 | 01677nam0a2200373 4500 | ||
|---|---|---|---|
| 001 | RU\NLR\bibl\534197 | ||
| 005 | 20250609152057.0 | ||
| 010 |
_a5-85907-328-3 _97500 |
||
| 021 |
_aRU _b2004-4246 _9220 |
||
| 035 | _aRSL-KNO-002405255 | ||
| 035 | _a(NLR Aleph) 000526482 | ||
| 090 |
_a1325873 _c1325873 |
||
| 100 | _a20040310d2004 |||y0rusy50 ca | ||
| 101 | 0 | _arus | |
| 102 | _aRU | ||
| 105 | _aa ||||||||| | ||
| 106 | _ar | ||
| 200 | 1 |
_aРемонтируем Святогор и Москвич-2141 _eИл. рук. Своими силами _fРед.: В.В. Леликов [и др.] |
|
| 210 |
_aМ. _cЗа рулем _d2004 _eОАО Чебоксар. тип. № 1 |
||
| 215 |
_a215 с. _cил., цв. ил. _d29 |
||
| 606 | 0 |
_aАвтомобили "Москвич" 2141 _jРуководства, пособия и т.п. _xРемонт _91051577 _3RU\NLR\auth\6688486 |
|
| 606 | 0 |
_a"Москвич" 2141, легковые автомобили _jРуководства, пособия и т.п. _xРемонт _92096734 _3RU\NLR\auth\661268551 |
|
| 606 | 0 |
_a"Святогор", легковые автомобили _jРуководства, пособия и т.п. _xРемонт _92340541 _3RU\NLR\auth\661399058 |
|
| 606 | 0 |
_aАвтомобили "Святогор" _jРуководства, пособия и т.п. _xРемонт _92340542 _3RU\NLR\auth\661399059 |
|
| 686 |
_aО335.52-083я82 _2rubbk |
||
| 686 | _aО335.52-083я7 | ||
| 702 | 1 |
_aЛеликов _bВ. В. _4340 |
|
| 801 | 0 |
_aRU _bRuMoRKP _c20040310 _gPSBO |
|
| 801 | 1 |
_aRU _bRuMoRKP _c20040310 |
|
| 801 | 2 |
_aRU _bNLR _c20040628 _gPSBO |
|
| 942 | _cBOOK | ||
| 980 | _aNB | ||